[Event "European Chess Club Cup 2023"]
[Site "Durres, Albania"]
[Date "2023.10.05"]
[Round "5.66"]
[White "Kaspi, Alexander"]
[Black "Stoyanov, Viktor"]
[Result "1/2-1/2"]
[TimeControl "90' + 30' & 30\""]
[WhiteElo "2382"]
[BlackElo "2304"]

1. c4 {[%clk 01:30:53]} {[%emt 00:00:05]} Nf6 {[%clk 01:29:05]} {[%emt
00:01:55]} 2. Nc3 {[%clk 01:31:14]} {[%emt 00:00:09]} g6 {[%clk 01:28:21]}
{[%emt 00:01:15]} 3. e4 {[%clk 01:31:35]} {[%emt 00:00:09]} d6 {[%clk
01:26:45]} {[%emt 00:02:07]} 4. d4 {[%clk 01:31:55]} {[%emt 00:00:09]} Bg7
{[%clk 01:27:09]} {[%emt 00:00:06]} 5. f3 {[%clk 01:32:19]} {[%emt 00:00:06]}
O-O {[%clk 01:27:28]} {[%emt 00:00:11]} 6. Be3 {[%clk 01:32:43]} {[%emt
00:00:05]} c5 {[%clk 01:27:49]} {[%emt 00:00:09]} 7. Nge2 {[%clk 01:32:40]}
{[%emt 00:00:33]} b6 {[%clk 01:27:06]} {[%emt 00:01:14]} 8. Qd2 {[%clk
01:29:11]} {[%emt 00:03:58]} Ba6 {[%clk 01:27:11]} {[%emt 00:00:25]} 9. b3
{[%clk 01:28:01]} {[%emt 00:01:40]} e6 {[%clk 01:25:12]} {[%emt 00:02:30]} 10.
d5 {[%clk 01:04:10]} {[%emt 00:24:21]} exd5 {[%clk 01:24:20]} {[%emt 00:01:21]}
11. exd5 {[%clk 01:04:16]} {[%emt 00:00:25]} Nbd7 {[%clk 01:21:00]} {[%emt
00:03:50]} 12. O-O-O {[%clk 01:00:08]} {[%emt 00:04:38]} Re8 {[%emt 00:04:14]}
13. Bh6 {[%clk 00:57:46]} {[%emt 00:02:13]} Ne5 {[%clk 01:09:12]} {[%emt
00:09:12]} 14. Bxg7 {[%clk 00:57:48]} {[%emt 00:00:29]} Kxg7 {[%clk 01:09:39]}
{[%emt 00:00:02]} 15. Ng3 {[%clk 00:57:43]} {[%emt 00:00:35]} h5 {[%clk
01:05:44]} {[%emt 00:04:25]} 16. Qg5 {[%clk 00:53:14]} {[%emt 00:05:00]} Bc8
{[%clk 01:04:12]} {[%emt 00:02:02]} 17. h3 {[%clk 00:52:42]} {[%emt 00:01:02]}
Kh8 {[%clk 00:53:34]} {[%emt 00:11:08]} 18. f4 {[%clk 00:51:59]} {[%emt
00:01:13]} Ned7 {[%clk 00:53:37]} {[%emt 00:00:27]} 19. Bd3 {[%clk 00:52:00]}
{[%emt 00:00:28]} Ng8 {[%clk 00:50:37]} {[%emt 00:03:30]} 20. Qxd8 {[%clk
00:52:17]} {[%emt 00:00:14]} Rxd8 {[%clk 00:51:06]} {[%emt 00:00:01]} 21. Nge4
{[%clk 00:46:55]} {[%emt 00:05:52]} Ndf6 {[%clk 00:51:20]} {[%emt 00:00:17]} 22.
Ng5 {[%clk 00:47:17]} {[%emt 00:00:07]} Kg7 {[%clk 00:51:18]} {[%emt 00:00:31]}
23. Rde1 {[%clk 00:46:06]} {[%emt 00:01:41]} a6 {[%clk 00:47:05]} {[%emt
00:04:43]} 24. a4 {[%clk 00:44:30]} {[%emt 00:02:07]} Ra7 {[%clk 00:45:07]}
{[%emt 00:02:28]} 25. Kd2 {[%clk 00:43:40]} {[%emt 00:01:20]} Nh6 {[%clk
00:41:47]} {[%emt 00:03:50]} 26. Rb1 {[%clk 00:43:56]} {[%emt 00:00:14]} Bf5
{[%clk 00:25:51]} {[%emt 00:16:26]} 27. Rhe1 {[%clk 00:37:21]} {[%emt
00:07:05]} Rdd7 {[%clk 00:23:03]} {[%emt 00:03:19]} 28. b4 {[%clk 00:34:54]}
{[%emt 00:02:55]} h4 {[%clk 00:20:47]} {[%emt 00:02:47]} 29. bxc5 {[%clk
00:35:10]} {[%emt 00:00:13]} bxc5 {[%clk 00:21:15]} {[%emt 00:00:02]} 30. Rb6
{[%clk 00:33:58]} {[%emt 00:01:42]} Nh5 {[%clk 00:20:22]} {[%emt 00:01:24]} 31.
Ne2 {[%clk 00:30:27]} {[%emt 00:04:00]} Re7 {[%clk 00:15:53]} {[%emt 00:05:00]}
32. Reb1 {[%clk 00:19:51]} {[%emt 00:11:05]} Ra8 {[%clk 00:11:30]} {[%emt
00:04:53]} 33. Rb7 {[%clk 00:19:15]} {[%emt 00:01:06]} Ra7 {[%clk 00:02:40]}
{[%emt 00:09:21]} 34. Rxa7 {[%clk 00:18:55]} {[%emt 00:00:50]} Rxa7 {[%clk
00:03:09]} {[%emt 00:00:01]} 35. a5 {[%clk 00:19:05]} {[%emt 00:00:20]} Bxd3
{[%clk 00:01:01]} {[%emt 00:02:39]} 36. Kxd3 {[%clk 00:19:29]} {[%emt
00:00:06]} Nf5 {[%clk 00:01:29]} {[%emt 00:00:02]} 37. Ne4 {[%clk 00:18:28]}
{[%emt 00:01:30]} Nf6 {[%clk 00:01:52]} {[%emt 00:00:08]} 38. Nxf6 {[%clk
00:16:59]} {[%emt 00:01:58]} Kxf6 {[%clk 00:02:21]} 39. Nc3 {[%clk 00:17:14]}
{[%emt 00:00:16]} Ke7 {[%clk 00:01:27]} {[%emt 00:01:25]} 40. Ne4 {[%clk
00:16:29]} {[%emt 00:01:14]} Kd7 {[%clk 00:01:39]} {[%emt 00:00:19]} 41. Ng5
{[%clk 00:14:41]} {[%emt 00:02:16]} Ke7 {[%clk 00:01:04]} {[%emt 00:01:06]} 42.
Rb6 {[%clk 00:14:44]} {[%emt 00:00:26]} Kf6 {[%clk 00:29:59]} {[%emt 00:01:36]}
43. Ne4+ {[%clk 00:44:43]} {[%emt 00:00:30]} Ke7 {[%clk 00:30:19]} {[%emt
00:00:11]} 44. Ke2 {[%clk 00:42:15]} {[%emt 00:02:58]} Kd7 {[%clk 00:30:08]}
{[%emt 00:00:41]} 45. Kf3 {[%clk 00:41:32]} {[%emt 00:01:12]} Ke7 {[%clk
00:29:00]} {[%emt 00:01:38]} 46. Kf2 {[%clk 00:38:49]} {[%emt 00:03:12]} Kd7
{[%clk 00:28:57]} {[%emt 00:00:34]} 47. Nc3 {[%clk 00:38:05]} {[%emt 00:01:14]}
Ke7 {[%clk 00:25:11]} {[%emt 00:04:16]} 48. Rb8 {[%clk 00:34:07]} {[%emt
00:04:28]} Kf6 {[%clk 00:24:01]} {[%emt 00:01:40]} 49. Ne4+ {[%clk 00:34:30]}
{[%emt 00:00:07]} Ke7 {[%clk 00:24:23]} {[%emt 00:00:09]} 50. Ke2 {[%clk
00:34:26]} {[%emt 00:00:34]} Kd7 {[%clk 00:24:26]} {[%emt 00:00:26]} 51. Nf6+
{[%clk 00:34:21]} {[%emt 00:00:35]} Ke7 {[%clk 00:14:10]} {[%emt 00:10:47]} 52.
Ng8+ {[%clk 00:34:35]} {[%emt 00:00:16]} Kd7 {[%clk 00:14:39]} {[%emt
00:00:02]} 53. Rf8 {[%clk 00:34:28]} {[%emt 00:00:36]} Rb7 {[%clk 00:15:02]}
{[%emt 00:00:06]} 54. Rxf7+ {[%clk 00:34:52]} {[%emt 00:00:06]} Kc8 {[%clk
00:15:29]} {[%emt 00:00:04]} 55. Rxb7 {[%clk 00:35:14]} {[%emt 00:00:08]} Kxb7
{[%clk 00:15:57]} 56. Nf6 {[%clk 00:34:57]} {[%emt 00:00:49]} Kc7 {[%clk
00:15:02]} {[%emt 00:01:24]} 57. Ne4 {[%emt 00:05:23]} Nd4+ {[%clk 00:10:47]}
{[%emt 00:02:04]} 58. Kd3 {[%clk 00:32:50]} {[%emt 00:00:26]} Kd7 {[%clk
00:08:54]} {[%emt 00:02:22]} 59. Nd2 {[%clk 00:28:28]} {[%emt 00:04:52]} Ke7
{[%clk 00:09:08]} {[%emt 00:00:17]} 60. Ke3 {[%clk 00:27:33]} {[%emt 00:01:24]}
Kf6 {[%clk 00:08:43]} {[%emt 00:00:55]} 61. Ke4 {[%clk 00:27:23]} {[%emt
00:00:40]} Kf7 {[%clk 00:08:29]} {[%emt 00:00:44]} 62. Nf3 {[%clk 00:27:12]}
{[%emt 00:00:41]} Nf5 {[%clk 00:08:20]} {[%emt 00:00:41]} 63. Ng5+ {[%clk
00:27:30]} {[%emt 00:00:11]} Kf6 {[%clk 00:07:40]} {[%emt 00:01:08]} 64. Ne6
{[%clk 00:27:19]} {[%emt 00:00:42]} Ng3+ {[%clk 00:08:00]} {[%emt 00:00:10]} 65.
Kd3 {[%clk 00:24:51]} {[%emt 00:02:58]} Nf5 {[%clk 00:04:52]} {[%emt 00:03:39]}
66. Nc7 {[%clk 00:14:23]} {[%emt 00:10:58]} Nd4 {[%clk 00:05:16]} {[%emt
00:00:05]} 67. Kc3 {[%clk 00:14:14]} {[%emt 00:00:39]} Ne2+ {[%clk 00:03:11]}
{[%emt 00:02:36]} 68. Kb3 {[%clk 00:14:19]} {[%emt 00:00:25]} Ke7 {[%clk
00:03:00]} {[%emt 00:00:41]} 69. Ne6 {[%clk 00:11:10]} {[%emt 00:03:38]} Kf6
{[%clk 00:02:08]} {[%emt 00:01:23]} 70. Kc2 {[%clk 00:11:23]} {[%emt 00:00:17]}
Ng3 {[%clk 00:00:50]} {[%emt 00:01:48]} 71. Kd3 {[%clk 00:11:18]} {[%emt
00:00:34]} Nf5 {[%clk 00:01:08]} {[%emt 00:00:13]} 72. Ke4 {[%clk 00:11:01]}
{[%emt 00:00:46]} Ng3+ {[%clk 00:01:23]} {[%emt 00:00:16]} 73. Ke3 {[%clk
00:11:07]} {[%emt 00:00:23]} Ke7 {[%clk 00:01:43]} {[%emt 00:00:11]} 74. Kf3
{[%clk 00:11:09]} {[%emt 00:00:28]} Nf5 {[%clk 00:02:03]} {[%emt 00:00:10]} 75.
Kf2 {[%clk 00:06:02]} {[%emt 00:05:37]} Kf6 {[%clk 00:02:10]} {[%emt 00:00:23]}
76. Kf3 {[%clk 00:01:58]} {[%emt 00:04:34]} Ke7 {[%clk 00:02:37]} {[%emt
00:00:03]} 1/2-1/2

[Event "European Chess Club Cup 2023"]
[Site "Durres, Albania"]
[Date "2023.10.05"]
[Round "5.67"]
[White "Nagy, Gabor"]
[Black "Maksimovic, Bojan"]
[Result "0-1"]
[TimeControl "90' + 30' & 30\""]
[WhiteElo "2439"]
[BlackElo "2502"]

1. c4 {[%clk 01:30:42]} {[%emt 00:00:16]} g6 {[%clk 01:30:05]} {[%emt
00:00:55]} 2. Nc3 {[%clk 01:30:27]} {[%emt 00:00:45]} Bg7 {[%clk 01:30:19]}
{[%emt 00:00:16]} 3. g3 {[%clk 01:30:27]} {[%emt 00:00:30]} Nc6 {[%clk
01:24:57]} {[%emt 00:05:53]} 4. Bg2 {[%clk 01:30:25]} {[%emt 00:00:31]} d6
{[%clk 01:25:08]} {[%emt 00:00:19]} 5. d3 {[%clk 01:28:46]} {[%emt 00:02:09]}
Nf6 {[%clk 01:22:42]} {[%emt 00:02:56]} 6. e4 {[%clk 01:28:39]} {[%emt
00:00:38]} h5 {[%clk 01:20:26]} {[%emt 00:02:46]} 7. h3 {[%clk 01:28:40]}
{[%emt 00:00:29]} Nd4 {[%clk 01:16:15]} {[%emt 00:04:40]} 8. Nge2 {[%clk
01:27:58]} {[%emt 00:01:12]} c5 {[%clk 01:16:29]} {[%emt 00:00:17]} 9. Nxd4
{[%clk 01:22:28]} {[%emt 00:06:00]} cxd4 {[%clk 01:16:48]} {[%emt 00:00:11]} 10.
Nd5 {[%clk 01:22:30]} {[%emt 00:00:28]} Nh7 {[%clk 01:12:23]} {[%emt 00:04:54]}
11. Bd2 {[%clk 01:18:55]} {[%emt 00:04:05]} e6 {[%clk 01:09:49]} {[%emt
00:03:04]} 12. Nf4 {[%clk 01:16:13]} {[%emt 00:03:13]} h4 {[%clk 01:08:35]}
{[%emt 00:01:43]} 13. gxh4 {[%clk 01:14:16]} {[%emt 00:02:26]} Qxh4 {[%clk
01:04:17]} {[%emt 00:04:49]} 14. Qa4+ {[%clk 01:13:04]} {[%emt 00:01:43]} Bd7
{[%clk 01:03:38]} {[%emt 00:01:08]} 15. Qb4 {[%clk 01:13:11]} {[%emt 00:00:24]}
Be5 {[%emt 00:02:22]} 16. Ne2 {[%clk 01:12:42]} b6 {[%clk 00:59:49]} {[%emt
00:03:26]} 17. Rf1 {[%clk 01:12:14]} {[%emt 00:00:57]} g5 {[%clk 00:52:02]}
{[%emt 00:08:18]} 18. O-O-O {[%clk 01:11:41]} {[%emt 00:01:02]} Nf8 {[%clk
00:51:58]} {[%emt 00:00:34]} 19. Ng1 {[%clk 01:05:02]} {[%emt 00:07:08]} Ng6
{[%clk 00:46:54]} {[%emt 00:05:34]} 20. Nf3 {[%clk 01:04:54]} {[%emt 00:00:40]}
Qh5 {[%clk 00:46:51]} {[%emt 00:00:33]} 21. Bxg5 {[%clk 00:55:03]} {[%emt
00:10:21]} Bf4+ {[%clk 00:37:24]} {[%emt 00:09:58]} 22. Bxf4 {[%clk 00:55:12]}
{[%emt 00:00:20]} Nxf4 {[%clk 00:37:49]} {[%emt 00:00:04]} 23. Bh1 {[%clk
00:55:10]} {[%emt 00:00:32]} Qc5 {[%clk 00:36:52]} {[%emt 00:01:27]} 24. Qd2
{[%clk 00:55:21]} {[%emt 00:00:20]} e5 {[%clk 00:37:13]} {[%emt 00:00:09]} 25.
b4 {[%clk 00:55:46]} {[%emt 00:00:05]} Qc7 {[%clk 00:35:26]} {[%emt 00:02:16]}
26. Nxd4 {[%clk 00:55:09]} {[%emt 00:01:07]} Rxh3 {[%clk 00:35:35]} {[%emt
00:00:21]} 27. Nf5 {[%clk 00:50:17]} {[%emt 00:05:23]} Rxd3 {[%clk 00:29:50]}
{[%emt 00:06:12]} 28. Qc2 {[%clk 00:47:19]} {[%emt 00:03:31]} Rc3 {[%clk
00:19:07]} {[%emt 00:11:13]} 29. Nxd6+ {[%clk 00:47:37]} {[%emt 00:00:12]} Kf8
{[%clk 00:19:22]} {[%emt 00:00:15]} 30. Qxc3 {[%clk 00:47:47]} {[%emt
00:00:20]} Ne2+ {[%clk 00:19:47]} {[%emt 00:00:05]} 31. Kb2 {[%clk 00:48:11]}
{[%emt 00:00:06]} Nxc3 {[%clk 00:20:12]} {[%emt 00:00:05]} 32. Kxc3 {[%clk
00:48:36]} {[%emt 00:00:05]} Ba4 {[%clk 00:19:34]} {[%emt 00:01:08]} 33. Rd5
{[%clk 00:48:39]} {[%emt 00:00:27]} Rd8 {[%clk 00:18:29]} {[%emt 00:01:35]} 34.
Nf5 {[%clk 00:48:48]} {[%emt 00:00:20]} Rxd5 {[%clk 00:13:50]} {[%emt
00:05:10]} 35. exd5 {[%clk 00:48:02]} {[%emt 00:01:16]} Bd7 {[%clk 00:14:13]}
{[%emt 00:00:07]} 36. Ne3 {[%clk 00:46:15]} {[%emt 00:02:17]} f5 {[%clk
00:14:35]} {[%emt 00:00:08]} 37. Re1 {[%clk 00:42:15]} {[%emt 00:04:29]} e4
{[%clk 00:13:32]} {[%emt 00:01:33]} 38. Kd4 {[%clk 00:41:42]} {[%emt 00:01:03]}
Qd6 {[%clk 00:13:24]} {[%emt 00:00:38]} 39. c5 {[%clk 00:42:03]} {[%emt
00:00:10]} bxc5+ {[%clk 00:13:51]} {[%emt 00:00:03]} 40. bxc5 {[%clk 00:42:26]}
{[%emt 00:00:07]} Qf6+ {[%clk 00:14:13]} {[%emt 00:00:07]} 41. Kc4 {[%clk
00:42:51]} {[%emt 00:00:05]} Qa6+ {[%clk 00:14:40]} {[%emt 00:00:04]} 42. Kd4
{[%clk 00:43:09]} {[%emt 00:00:12]} Qd3+ {[%clk 00:29:51]} {[%emt 00:15:19]} 43.
Ke5 {[%clk 01:13:31]} {[%emt 00:00:07]} Qc3+ {[%clk 00:30:00]} {[%emt
00:00:21]} 44. Kd6 {[%clk 01:13:52]} {[%emt 00:00:10]} Be8 {[%clk 00:26:01]}
{[%emt 00:04:28]} 45. Rd1 {[%clk 01:12:51]} {[%emt 00:01:31]} Qg7 {[%clk
00:19:13]} {[%emt 00:07:18]} 46. Nxf5 {[%clk 01:12:46]} {[%emt 00:00:35]} Qf6+
{[%clk 00:19:39]} {[%emt 00:00:04]} 47. Kc7 {[%clk 01:13:09]} {[%emt 00:00:07]}
Qxf5 {[%clk 00:20:06]} {[%emt 00:00:04]} 48. c6 {[%clk 01:13:33]} {[%emt
00:00:06]} Qh5 {[%clk 00:20:26]} {[%emt 00:00:10]} 49. f3 {[%clk 01:13:42]}
{[%emt 00:00:20]} e3 {[%clk 00:19:27]} {[%emt 00:01:30]} 50. d6 {[%clk
01:11:32]} {[%emt 00:02:40]} Qa5+ {[%clk 00:18:48]} {[%emt 00:01:08]} 51. Kb7
{[%clk 01:11:55]} {[%emt 00:00:07]} Qb6+ {[%clk 00:19:11]} {[%emt 00:00:07]} 52.
Ka8 {[%clk 01:12:21]} {[%emt 00:00:04]} Bxc6# {[%clk 00:19:36]} {[%emt
00:00:06]} 0-1

[Event "European Chess Club Cup 2023"]
[Site "Durres, Albania"]
[Date "2023.10.05"]
[Round "5.68"]
[White "Stankovic, Milos"]
[Black "Galyas, Miklos"]
[Result "1/2-1/2"]
[TimeControl "90' + 30' & 30\""]
[WhiteElo "2464"]
[BlackElo "2467"]

1. e4 {[%clk 01:29:51]} {[%emt 00:01:07]} c6 {[%clk 01:30:52]} {[%emt
00:00:09]} 2. d4 {[%clk 01:29:51]} {[%emt 00:00:30]} d5 {[%clk 01:31:15]}
{[%emt 00:00:07]} 3. e5 {[%clk 01:29:51]} {[%emt 00:00:29]} c5 {[%clk
01:31:38]} {[%emt 00:00:08]} 4. Nf3 {[%clk 01:28:50]} {[%emt 00:01:31]} cxd4
{[%clk 01:32:01]} {[%emt 00:00:07]} 5. Nxd4 {[%clk 01:28:47]} {[%emt 00:00:33]}
Nc6 {[%clk 01:32:21]} {[%emt 00:00:10]} 6. c4 {[%clk 01:27:50]} {[%emt
00:01:27]} e6 {[%clk 01:32:19]} {[%emt 00:00:31]} 7. Nc3 {[%clk 01:27:48]}
{[%emt 00:00:32]} Bb4 {[%clk 01:31:47]} {[%emt 00:01:03]} 8. Nxc6 {[%clk
01:26:45]} {[%emt 00:01:32]} bxc6 {[%clk 01:32:08]} {[%emt 00:00:09]} 9. Qa4
{[%clk 01:26:47]} {[%emt 00:00:29]} a5 {[%clk 01:31:39]} {[%emt 00:00:59]} 10.
cxd5 {[%clk 01:25:48]} {[%emt 00:01:28]} Qxd5 {[%clk 01:31:55]} {[%emt
00:00:15]} 11. Qxb4 {[%clk 01:25:40]} {[%emt 00:00:38]} axb4 {[%clk 01:32:19]}
{[%emt 00:00:06]} 12. Nxd5 {[%clk 01:25:47]} {[%emt 00:00:22]} exd5 {[%clk
01:32:42]} {[%emt 00:00:08]} 13. Be3 {[%clk 01:25:45]} {[%emt 00:00:32]} Bf5
{[%clk 01:30:30]} {[%emt 00:02:42]} 14. Kd2 {[%clk 01:18:40]} {[%emt 00:07:34]}
f6 {[%clk 01:26:51]} {[%emt 00:04:10]} 15. f4 {[%clk 01:17:49]} {[%emt
00:01:21]} fxe5 {[%clk 01:24:51]} {[%emt 00:02:29]} 16. fxe5 {[%clk 01:11:50]}
{[%emt 00:06:29]} Nh6 {[%clk 01:24:54]} {[%emt 00:00:28]} 17. Bd3 {[%clk
01:05:48]} {[%emt 00:06:31]} Bxd3 {[%clk 01:19:02]} {[%emt 00:06:22]} 18. Kxd3
{[%clk 01:02:44]} {[%emt 00:03:34]} Kd7 {[%clk 01:14:50]} {[%emt 00:04:43]} 19.
Bc5 {[%clk 01:00:25]} {[%emt 00:02:48]} Ke6 {[%clk 01:06:48]} {[%emt 00:08:33]}
20. Bxb4 {[%clk 00:53:56]} {[%emt 00:06:59]} Rhb8 {[%clk 01:05:34]} {[%emt
00:01:44]} 21. a3 {[%clk 00:49:42]} {[%emt 00:04:44]} Ng4 {[%clk 01:02:57]}
{[%emt 00:03:07]} 22. Kd4 {[%clk 00:31:07]} {[%emt 00:19:04]} c5+ {[%clk
01:00:58]} {[%emt 00:02:30]} 23. Bxc5 {[%clk 00:25:07]} {[%emt 00:06:30]} Rxb2
{[%clk 01:00:29]} {[%emt 00:00:59]} 24. Rab1 {[%clk 00:22:17]} {[%emt
00:03:20]} Ra4+ {[%clk 00:53:54]} {[%emt 00:07:06]} 25. Bb4 {[%clk 00:21:53]}
{[%emt 00:00:53]} Rxg2 {[%clk 00:50:49]} {[%emt 00:03:36]} 26. Rhg1 {[%clk
00:20:05]} {[%emt 00:02:17]} Rxg1 {[%clk 00:48:16]} {[%emt 00:03:04]} 27. Rxg1
{[%clk 00:20:25]} {[%emt 00:00:09]} Nxh2 {[%clk 00:45:41]} {[%emt 00:03:05]} 28.
Rxg7 {[%clk 00:18:30]} {[%emt 00:02:25]} Nf3+ {[%clk 00:45:44]} {[%emt
00:00:28]} 29. Kc5 {[%clk 00:17:35]} {[%emt 00:01:24]} Ra8 {[%clk 00:43:18]}
{[%emt 00:02:57]} 30. Rxh7 {[%clk 00:17:27]} {[%emt 00:00:38]} Rc8+ {[%clk
00:43:02]} {[%emt 00:00:45]} 31. Kb6 {[%clk 00:17:12]} {[%emt 00:00:46]} Nxe5
{[%clk 00:43:03]} {[%emt 00:00:28]} 1/2-1/2

[Event "European Chess Club Cup 2023"]
[Site "Durres, Albania"]
[Date "2023.10.05"]
[Round "5.69"]
[White "Berczes, David"]
[Black "Gagunashvili, Merab"]
[Result "0-1"]
[TimeControl "90' + 30' & 30\""]
[WhiteElo "2445"]
[BlackElo "2550"]

1. d4 {[%clk 01:30:44]} {[%emt 00:00:15]} d5 {[%clk 01:30:51]} {[%emt
00:00:09]} 2. c4 {[%clk 01:30:45]} {[%emt 00:00:29]} c6 {[%clk 01:31:16]}
{[%emt 00:00:05]} 3. Nf3 {[%clk 01:30:49]} {[%emt 00:00:26]} Nf6 {[%clk
01:31:41]} {[%emt 00:00:05]} 4. e3 {[%clk 01:30:37]} {[%emt 00:00:43]} Bf5
{[%clk 01:31:10]} {[%emt 00:01:01]} 5. Nc3 {[%clk 01:30:34]} {[%emt 00:00:33]}
e6 {[%clk 01:31:31]} {[%emt 00:00:09]} 6. Nh4 {[%clk 01:29:00]} {[%emt
00:02:04]} Bg6 {[%clk 01:31:50]} {[%emt 00:00:10]} 7. Be2 {[%clk 01:28:52]}
{[%emt 00:00:39]} Nbd7 {[%clk 01:31:48]} {[%emt 00:00:32]} 8. Nxg6 {[%clk
01:22:01]} {[%emt 00:07:21]} hxg6 {[%clk 01:32:13]} {[%emt 00:00:05]} 9. Qb3
{[%clk 01:17:36]} {[%emt 00:04:55]} Qc7 {[%clk 01:30:58]} {[%emt 00:01:44]} 10.
g3 {[%clk 01:08:45]} {[%emt 00:09:21]} Be7 {[%clk 01:29:45]} {[%emt 00:01:43]}
11. Bd2 {[%clk 00:59:21]} {[%emt 00:09:55]} Nb6 {[%clk 01:27:46]} {[%emt
00:02:29]} 12. cxd5 {[%clk 00:53:47]} {[%emt 00:06:04]} exd5 {[%clk 01:26:58]}
{[%emt 00:01:18]} 13. O-O-O {[%clk 00:45:21]} {[%emt 00:08:56]} O-O {[%clk
01:11:50]} {[%emt 00:15:37]} 14. h4 {[%clk 00:35:01]} {[%emt 00:10:51]} c5
{[%clk 01:10:47]} {[%emt 00:01:33]} 15. Kb1 {[%clk 00:30:24]} {[%emt 00:05:07]}
cxd4 {[%clk 00:51:08]} {[%emt 00:20:08]} 16. exd4 {[%clk 00:25:29]} {[%emt
00:05:26]} Qd7 {[%clk 00:51:16]} {[%emt 00:00:22]} 17. Ka1 {[%clk 00:20:24]}
{[%emt 00:05:34]} Rac8 {[%clk 00:45:20]} {[%emt 00:06:26]} 18. h5 {[%clk
00:11:44]} {[%emt 00:09:11]} gxh5 {[%clk 00:44:17]} {[%emt 00:01:33]} 19. Bxh5
{[%clk 00:11:36]} {[%emt 00:00:38]} Nxh5 {[%clk 00:36:39]} {[%emt 00:08:08]} 20.
Rxh5 {[%clk 00:11:43]} {[%emt 00:00:23]} g6 {[%clk 00:36:58]} {[%emt 00:00:11]}
21. Rh6 {[%clk 00:02:04]} {[%emt 00:10:09]} Bf6 {[%clk 00:35:17]} {[%emt
00:02:10]} 22. Ne4 {[%clk 00:01:23]} {[%emt 00:01:12]} Bg7 {[%clk 00:31:21]}
{[%emt 00:04:26]} 23. Nc5 {[%clk 00:01:48]} {[%emt 00:00:05]} Qf5 {[%clk
00:30:07]} {[%emt 00:01:44]} 24. Rh4 {[%clk 00:02:11]} {[%emt 00:00:07]} Qxf2
{[%clk 00:24:42]} {[%emt 00:05:54]} 25. a3 {[%clk 00:00:35]} {[%emt 00:02:06]}
Rfe8 {[%clk 00:21:29]} {[%emt 00:03:44]} 26. Rf4 {[%clk 00:00:41]} {[%emt
00:00:24]} Qe2 {[%clk 00:19:36]} {[%emt 00:02:22]} 27. Bc3 {[%clk 00:00:48]}
{[%emt 00:00:24]} Re3 {[%clk 00:16:24]} {[%emt 00:03:41]} 28. Rdf1 {[%clk
00:00:32]} {[%emt 00:00:46]} Rc7 {[%clk 00:15:51]} {[%emt 00:01:03]} 29. R4f2
{[%clk 00:00:31]} {[%emt 00:00:31]} Qc4 {[%clk 00:15:13]} {[%emt 00:01:07]} 30.
Qc2 {[%clk 00:00:34]} {[%emt 00:00:28]} Rce7 {[%clk 00:09:58]} {[%emt
00:05:45]} 31. Qd2 {[%clk 00:00:32]} {[%emt 00:00:32]} f5 {[%clk 00:03:52]}
{[%emt 00:06:37]} 32. Rf3 {[%clk 00:00:32]} {[%emt 00:00:30]} Qe2 {[%clk
00:03:38]} {[%emt 00:00:43]} 33. Qxe2 {[%clk 00:00:42]} {[%emt 00:00:20]} Rxe2
{[%clk 00:04:05]} {[%emt 00:00:03]} 34. g4 {[%clk 00:01:06]} {[%emt 00:00:06]}
fxg4 {[%clk 00:04:06]} {[%emt 00:00:29]} 35. Rg3 {[%clk 00:01:29]} {[%emt
00:00:08]} Nc4 {[%clk 00:04:24]} {[%emt 00:00:12]} 36. Rfg1 {[%clk 00:00:31]}
{[%emt 00:01:27]} Ne3 {[%clk 00:04:16]} {[%emt 00:00:37]} 37. Nd3 {[%clk
00:00:56]} {[%emt 00:00:06]} Re4 {[%clk 00:03:45]} {[%emt 00:01:02]} 38. Ka2
{[%clk 00:00:34]} {[%emt 00:00:52]} b6 {[%clk 00:03:08]} {[%emt 00:01:07]} 39.
Nc1 {[%clk 00:00:32]} {[%emt 00:00:32]} Rf2 {[%clk 00:03:14]} {[%emt 00:00:22]}
40. Nd3 {[%clk 00:00:47]} {[%emt 00:00:17]} Re2 {[%clk 00:01:31]} {[%emt
00:02:13]} 41. Nc1 {[%clk 00:28:47]} {[%emt 00:02:30]} Rf2 {[%clk 00:28:58]}
{[%emt 00:03:02]} 42. Nd3 {[%clk 00:23:16]} {[%emt 00:06:01]} Rf1 {[%clk
00:27:23]} {[%emt 00:02:03]} 43. Rxf1 {[%clk 00:21:32]} {[%emt 00:02:16]} Nxf1
{[%clk 00:27:44]} {[%emt 00:00:09]} 44. Rg1 {[%clk 00:21:57]} {[%emt 00:00:04]}
Ne3 {[%clk 00:27:41]} {[%emt 00:00:33]} 45. Nf2 {[%clk 00:20:53]} {[%emt
00:01:35]} Rf4 {[%clk 00:27:42]} {[%emt 00:00:28]} 0-1